[Event "Western Province-chT"]
[Site "Cape Town"]
[Date "2018.08.04"]
[Round "2"]
[White "Londt, Christopher P"]
[Black "Elliott, Luka"]
[Result "1-0"]
[WhiteElo "1671"]
[BlackElo "1754"]
[PlyCount "63"]
[EventDate "2018.08.04"]
[EventType "team-tourn"]
[EventRounds "11"]
[EventCountry "RSA"]
[SourceTitle "EXT 2020"]
[Source "ChessBase"]
[SourceDate "2019.10.17"]
[SourceVersion "1"]
[SourceVersionDate "2019.10.17"]
[SourceQuality "1"]
[WhiteTeam "MRL"]
[BlackTeam "Cape Town Univ"]
[WhiteTeamCountry "RSA"]
[BlackTeamCountry "RSA"]

1. e4 c6 2. Nf3 d5 3. Nc3 Bg4 4. h3 Bxf3 5. Qxf3 e6 6. d4 Nf6 7. Bg5 Be7 8. 0-0-0 a6 9. Bd3 dxe4 10. Nxe4 Nxe4 11. Bxe7 Qxe7 12. Qxe4 Nd7 13. Rhe1 0-0-0 14. Bxa6 Nf6 15. Qf3 bxa6 16. Qxc6+ Qc7 17. Qxa6+ Qb7 18. Qa4 Rd6 19. Re3 Rb6 20. Rc3+ Kb8 21. Rdd3 Ra6 22. Qb3 Rb6 23. Qa3 Qa6 24. Qc5 Rc8 25. Qe5+ Kb7 26. Rxc8 Kxc8 27. Qc5+ Kd7 28. Qf8 Qxa2 29. Qxf7+ Kd6 30. Qf8+ Kc7 31. Rc3+ Rc6 32. Ra3 1-0

[Event "RSA-ch U20"]
[Site "Gauteng"]
[Date "2017.04.10"]
[Round "9"]
[White "Jansen, Lyle John"]
[Black "Elliott, Luka"]
[Result "0-1"]
[WhiteElo "1336"]
[BlackElo "1729"]
[PlyCount "78"]
[EventDate "2017.04.05"]
[EventType "tourn"]
[EventRounds "9"]
[EventCountry "RSA"]
[SourceTitle "CBM 177 Extra"]
[Source "ChessBase"]
[SourceDate "2017.04.27"]
[SourceVersion "1"]
[SourceVersionDate "2017.04.27"]
[SourceQuality "1"]

1. f4 d5 2. e3 Nf6 3. d4 Bf5 4. Nf3 h6 5. Bd3 Bxd3 6. Qxd3 Nbd7 7. c3 e6 8. Nbd2 Be7 9. 0-0 0-0 10. e4 dxe4 11. Nxe4 Nxe4 12. Qxe4 c6 13. Ne5 Nf6 14. Qe2 Qd5 15. Rf3 Rfd8 16. Be3 Rac8 17. b4 a5 18. a3 Ra8 19. Raf1 axb4 20. axb4 Ra3 21. Bc1 Ra2 22. Qc4 Rda8 23. R1f2 Ne4 24. Rxa2 Rxa2 25. Qd3 f5 26. Nc4 Bf6 27. h3 Nxc3 28. Qxc3 Bxd4+ 29. Ne3 Qxf3 30. Qxd4 Qe4 31. Qxe4 fxe4 32. Kh2 Ra1 33. Bb2 Rb1 34. Bc3 Rb3 35. Bd2 b5 36. Ng4 Kf8 37. Ne5 e3 38. Be1 Rb1 39. Nd3 Rd1 0-1

[Event "RSA-ch U20"]
[Site "Gauteng"]
[Date "2017.04.06"]
[Round "2"]
[White "Bezuidenhout, Roland Reinhold"]
[Black "Elliott, Luka"]
[Result "1-0"]
[WhiteElo "2088"]
[BlackElo "1729"]
[PlyCount "63"]
[EventDate "2017.04.05"]
[EventType "tourn"]
[EventRounds "9"]
[EventCountry "RSA"]
[SourceTitle "CBM 177 Extra"]
[Source "ChessBase"]
[SourceDate "2017.04.27"]
[SourceVersion "1"]
[SourceVersionDate "2017.04.27"]
[SourceQuality "1"]

1. e4 c6 2. Nf3 d5 3. Nc3 dxe4 4. Nxe4 Nf6 5. Nxf6+ exf6 6. Bc4 Bd6 7. 0-0 0-0 8. d4 Na6 9. c3 Qc7 10. h3 Bf5 11. Nh4 Be6 12. Bd3 Bf4 13. Qf3 Bxc1 14. Raxc1 Qd6 15. Rcd1 Bd5 16. Qg4 Be6 17. Qh5 g6 18. Qh6 Rfd8 19. Rfe1 Qf8 20. Qf4 Bxa2 21. Qxf6 Qd6 22. Qg5 Re8 23. Nf5 Qd8 24. Rxe8+ Qxe8 25. Nd6 Qd7 26. Ne4 Qd8 27. Nf6+ Kg7 28. Nh5+ Kh8 29. Qe5+ f6 30. Nxf6 Kg7 31. Ne8+ Kf7 32. Qg7+ 1-0

[Event "RSA-ch U20"]
[Site "Gauteng"]
[Date "2017.04.05"]
[Round "1"]
[White "Elliott, Luka"]
[Black "Valks, Johan"]
[Result "0-1"]
[WhiteElo "1729"]
[BlackElo "1210"]
[PlyCount "68"]
[EventDate "2017.04.05"]
[EventType "tourn"]
[EventRounds "9"]
[EventCountry "RSA"]
[SourceTitle "CBM 177 Extra"]
[Source "ChessBase"]
[SourceDate "2017.04.27"]
[SourceVersion "1"]
[SourceVersionDate "2017.04.27"]
[SourceQuality "1"]

1. d4 Nf6 2. c4 d5 3. cxd5 Qxd5 4. Nc3 Qd8 5. Nf3 e6 6. Bf4 Bd6 7. Bg3 0-0 8. e3 a6 9. Bd3 Nc6 10. Rc1 Nb4 11. Bb1 b6 12. e4 Bxg3 13. hxg3 g6 14. a3 Nc6 15. e5 Nd7 16. Ne4 Bb7 17. Nfg5 h5 18. g4 Kg7 19. gxh5 Rh8 20. Qf3 Qe7 21. Rd1 Nd8 22. Qg4 Bxe4 23. Bxe4 Rc8 24. Bb1 f5 25. Qg3 c5 26. Rh4 Nf7 27. Nxf7 Qxf7 28. hxg6 Qxg6 29. Qxg6+ Kxg6 30. Rxh8 Rxh8 31. Ke2 cxd4 32. Rxd4 Nxe5 33. Rd6 Nc4 34. Bd3 Nxd6 0-1

[Event "RSA-ch U18"]
[Site "Bloemfontein"]
[Date "2016.03.25"]
[Round "10"]
[White "Elliott, Luka"]
[Black "Matthys, Allistair"]
[Result "0-1"]
[WhiteElo "1756"]
[BlackElo "1311"]
[PlyCount "70"]
[EventDate "2016.03.20"]
[EventType "swiss"]
[EventRounds "11"]
[EventCountry "RSA"]
[SourceTitle "CBM 171 Extra"]
[Source "ChessBase"]
[SourceDate "2016.04.26"]
[SourceVersion "1"]
[SourceVersionDate "2016.04.26"]
[SourceQuality "1"]

1. d4 Nf6 2. c4 g6 3. Nc3 Bg7 4. e4 d6 5. Nf3 0-0 6. Be2 Bg4 7. h3 Bxf3 8. Bxf3 c6 9. 0-0 Nbd7 10. Rb1 e5 11. d5 cxd5 12. cxd5 a6 13. Be3 b5 14. b4 Rc8 15. Qb3 Nb6 16. a4 bxa4 17. Nxa4 Nc4 18. Be2 Nxe3 19. Qxe3 Ra8 20. Rfc1 Nd7 21. Nb2 Bf6 22. Rc4 Bg5 23. Qc3 Qe7 24. Rc7 Qd8 25. Ra1 Bd2 26. Qc6 Nb8 27. Qb7 a5 28. b5 a4 29. Rxa4 Rxa4 30. Nxa4 Be1 31. Bf3 h5 32. Kf1 Ba5 33. b6 Qg5 34. Rc8 Kg7 35. Rxf8 Qc1+ 0-1

[Event "RSA-ch U18"]
[Site "Bloemfontein"]
[Date "2016.03.23"]
[Round "6"]
[White "Kolver, Chris"]
[Black "Elliott, Luka"]
[Result "1-0"]
[WhiteElo "1962"]
[BlackElo "1756"]
[PlyCount "115"]
[EventDate "2016.03.20"]
[EventType "swiss"]
[EventRounds "11"]
[EventCountry "RSA"]
[SourceTitle "CBM 171 Extra"]
[Source "ChessBase"]
[SourceDate "2016.04.26"]
[SourceVersion "1"]
[SourceVersionDate "2016.04.26"]
[SourceQuality "1"]

1. d4 Nf6 2. c4 g6 3. Nc3 d5 4. Bg5 Ne4 5. Bf4 Nxc3 6. bxc3 Bg7 7. Nf3 0-0 8. e3 c5 9. cxd5 Qxd5 10. Be2 Nc6 11. 0-0 cxd4 12. cxd4 b6 13. Qa4 Bb7 14. Rac1 Rfc8 15. Rfd1 Na5 16. Ne1 Qd8 17. Bg4 e6 18. Bf3 Bxf3 19. Nxf3 Rxc1 20. Rxc1 Rc8 21. Qd1 Nc6 22. h3 h6 23. Bg3 Qd5 24. Qa4 Qd7 25. Qa6 Ne7 26. Rxc8+ Nxc8 27. Qc4 Ne7 28. Ne5 Bxe5 29. Bxe5 Qc6 30. Qxc6 Nxc6 31. Bd6 f5 32. Kf1 Kf7 33. Ke2 Kf6 34. Kd3 b5 35. Kc3 a6 36. f3 g5 37. e4 fxe4 38. fxe4 Nd8 39. Kb4 Nb7 40. Bc7 g4 41. hxg4 Kg5 42. d5 exd5 43. exd5 Kf6 44. Bf4 Kg6 45. g3 h5 46. gxh5+ Kxh5 47. d6 Kg6 48. d7 Kf6 49. Bc7 Ke7 50. d8Q+ Nxd8 51. Bxd8+ Kxd8 52. Ka5 Kc7 53. Kxa6 Kc6 54. Ka5 Kc5 55. a3 Kc6 56. g4 Kc5 57. g5 Kd5 58. Kxb5 1-0

[Event "RSA-chT U18"]
[Site "Cape Town"]
[Date "2016.01.04"]
[Round "2.4"]
[White "King, Eduard Norman"]
[Black "Elliott, Luka"]
[Result "1/2-1/2"]
[WhiteElo "1522"]
[BlackElo "1630"]
[PlyCount "64"]
[EventDate "2016.01.04"]
[EventType "team-tourn"]
[EventRounds "7"]
[EventCountry "RSA"]
[SourceTitle "CBM 170 Extra"]
[Source "ChessBase"]
[SourceDate "2016.02.25"]
[SourceVersion "1"]
[SourceVersionDate "2016.02.25"]
[SourceQuality "1"]
[WhiteTeam "Johannesburg Metro"]
[BlackTeam "Western Province"]
[WhiteTeamCountry "RSA"]
[BlackTeamCountry "RSA"]

1. d4 Nf6 2. Nf3 g6 3. Bg5 Bg7 4. Nbd2 d5 5. e3 0-0 6. c3 b6 7. Bd3 Bb7 8. 0-0 Nbd7 9. Qe2 Ne4 10. Bh4 Ndf6 11. Rac1 c5 12. Ne5 Nxd2 13. Qxd2 c4 14. Bc2 Nd7 15. Nf3 Bf6 16. Bg3 Re8 17. Rfe1 e5 18. dxe5 Nxe5 19. Nxe5 Bxe5 20. Bxe5 Rxe5 21. Rcd1 Qc7 22. Qd4 Re7 23. e4 dxe4 24. Bxe4 Rae8 25. f3 Bxe4 26. Rxe4 Rxe4 27. fxe4 b5 28. g3 Qe7 29. Rf1 Qxe4 30. Qxa7 Qe3+ 31. Qxe3 Rxe3 32. Kf2 Re6 1/2-1/2